| 000 | 00637nam a22001815i 4500 | ||
|---|---|---|---|
| 001 | 177366 | ||
| 003 | ES-MaACL | ||
| 005 | 20230906220319.0 | ||
| 008 | 110318s2010 po |||| | spa d | ||
| 080 | _a27 Antonio, Santo | ||
| 100 | 1 |
_aEscudero Ríos, Antonio José. _947710 |
|
| 245 | 1 | 4 |
_aLas tentaciones de San Antonio y el judío de Sintra / _cAntonio José Escudero Ríos. |
| 260 |
_aVila Viçosa : _bCâmara Municipal de Vila Viçosa, _c[2010] |
||
| 300 |
_ap. 133-134 ; _c24 cm. |
||
| 595 | _aSeparata de: Callipole, revista de cultura,, nº 18 -2010. | ||
| 600 | 0 | 4 |
_aAntonio _cSanto. _9145700 |
| 852 |
_aES-MaACL _j2275-F-13 |
||
| 999 |
_c177366 _d177366 |
||